[Event "IIFL Wealth  4th Mumbai Junior U-13"]
[Site "Mumbai"]
[Date "2019.01.07"]
[Round "9"]
[White "Arjun Sidharth S"]
[Black "Kadam Om Manish"]
[Result "0-1"]
[WhiteElo "1489"]
[BlackElo "1944"]
[Annotator "NA RC"]
[PlyCount "56"]
[EventDate "2018.12.30"]
[EventType "swiss"]
[EventCountry "IND"]
[SourceTitle "playchess.com"]
[Source "ChessBase"]
[SourceQuality "1"]

1. d4 Nf6 2. Nf3 e6 3. e3 c5 4. c3 b6 5. Bd3 Bb7 6. Nbd2 d5 7. O-O Bd6 8. Qc2 O-O 9. Qb1 Nbd7 10. e4 cxd4 11. cxd4 e5 12. dxe5 Nxe5 13. Nxe5 Bxe5 14. Nf3 dxe4 15. Nxe5 exd3 16. Bd2 Re8 17. Bc3 Qd5 18. Nf3 Ne4 19. Rd1 Nxc3 20. bxc3 Rad8 21. Qb4 Re4 22. Qb3 Qc6 23. Re1 d2 24. Rxe4 Qxe4 25. Rd1 Qe2 26. c4 Bxf3 27. gxf3 Rd6 28. c5 Rg6+ 0-1

[Event "IIFL Wealth  4th Mumbai Junior U-13"]
[Site "Mumbai"]
[Date "2019.01.07"]
[Round "9"]
[White "Nanal Arnav"]
[Black "Zia, Tahsin Tajwar"]
[Result "1/2-1/2"]
[WhiteElo "1456"]
[BlackElo "2125"]
[Annotator "TA"]
[PlyCount "76"]
[EventDate "2018.12.30"]
[EventType "swiss"]
[EventCountry "IND"]
[SourceTitle "playchess.com"]
[Source "ChessBase"]
[SourceQuality "1"]

1. e4 c5 2. Nf3 d6 3. d4 cxd4 4. Nxd4 Nf6 5. Nc3 Nc6 6. Bg5 e6 7. Qd2 a6 8. O-O-O Bd7 9. f3 Be7 10. h4 h6 11. Be3 h5 12. Bg5 Qc7 13. Kb1 Rc8 14. Be2 b5 15. Bxb5 axb5 16. Ndxb5 Qb8 17. Nxd6+ Bxd6 18. Qxd6 Qxd6 19. Rxd6 Ne5 20. Rhd1 Bc6 21. b3 O-O 22. Ne2 Ba8 23. Bxf6 gxf6 24. Nf4 Kg7 25. Nxh5+ Kg6 26. Nf4+ Kh6 27. Nd3 Ng6 28. Nf2 Nf4 29. g4 Rc3 30. Nd3 Ng2 31. h5 Rfc8 32. Rd2 Ne3 33. Ne1 Nf1 34. Rf2 Ng3 35. Rd3 R3c7 36. Rdd2 Rc3 37. Rd3 R3c7 38. Rdd2 Rc3 1/2-1/2

[Event "IIFL Wealth  4th Mumbai Junior U-13"]
[Site "Mumbai"]
[Date "2019.01.07"]
[Round "9"]
[White "Athalye Varad"]
[Black "Savitha Shri B"]
[Result "0-1"]
[WhiteElo "1442"]
[BlackElo "1894"]
[Annotator "NA RC"]
[PlyCount "82"]
[EventDate "2018.12.30"]
[EventType "swiss"]
[EventCountry "IND"]
[SourceTitle "playchess.com"]
[Source "ChessBase"]
[SourceQuality "1"]

1. e4 c5 2. Nf3 Nc6 3. d4 cxd4 4. Nxd4 e6 5. c4 Nf6 6. Nc3 Bb4 7. Nxc6 bxc6 8. Qc2 Qc7 9. Bd2 a5 10. Be2 O-O 11. O-O d5 12. exd5 exd5 13. Bg5 Bxc3 14. Qxc3 Ne4 15. Qc1 Ba6 16. Re1 Qb6 17. Be3 Qd8 18. cxd5 Bxe2 19. Rxe2 cxd5 20. f3 Rc8 21. Qd1 Nf6 22. Rd2 Re8 23. Bg5 h6 24. Bxf6 Qxf6 25. b3 Rcd8 26. Rd4 Re3 27. Qd2 Rde8 28. Rd1 Re2 29. Qc1 Qg6 30. Rg4 Qb6+ 31. Rgd4 Rxa2 32. Kh1 Ree2 33. Qc8+ Kh7 34. Qg4 Qe6 35. Qg3 Rab2 36. Rxd5 Qxd5 37. Rg1 Qg5 38. Qd6 Rxg2 39. Qd3+ g6 40. Qxg6+ Qxg6 41. b4 Rxh2# 0-1